00305nam a2200121Ia 4500008004100000100001900041245003800060260003400098300000900132650001800141942000700159999001700166190216s9999||||xx |||||||||||||| ||und|| aKetelbey C D M 0aHistory Of Modern Times Form 1789 bOxford University Pressc1965 a701p aWorld History cBK c18994d18994